| 000 | 00490nam a22001817a 4500 | ||
|---|---|---|---|
| 008 | 150923b xxu||||| |||| 00| 0 eng d | ||
| 020 | _a0471239704 | ||
| 041 | 0 | _aeng | |
| 080 | _a336 | ||
| 100 | 1 | _aDamodaran, Aswath. | |
| 245 | 1 | 0 |
_aApplied corporate finance : _cAswath Damodaran. |
| 260 |
_aNew York : _bJ. Wiley & Sons, _c1999. |
||
| 300 |
_axvi, 566 f. : _bme il.; _c24 cm. |
||
| 650 | 0 | _aFinancë | |
| 650 | 0 | _aKorporatë | |
| 650 | 0 | _aAplikuar | |
| 942 |
_2udc _cBK |
||
| 999 |
_c1156 _d1156 |
||